Истребитель ведьм (Запись № 5542419)

Подробности
000 -МАРКЕР
контрольное поле 02888nam0a22003851 4500
001 - ИДЕНТИФИКАТОР ЗАПИСИ
контрольное поле rc\293438
005 - ИДЕНТИФИКАТОР ВЕРСИИ
контрольное поле 20250621022825.0
010 ## - МЕЖДУНАРОДНЫЙ СТАНДАРТНЫЙ НОМЕР КНИГИ (ISBN)
Номер (ISBN) 5-235-01582-7
Тираж 150000
035 ## - ДРУГИЕ СИСТЕМНЫЕ НОМЕРА
Идентификатор записи (NLR Aleph) 005524399
100 ## - ДАННЫЕ ОБЩЕЙ ОБРАБОТКИ
Данные общей обработки 20030307d1990 |||y0rusy50 ca
101 0# - ЯЗЫК РЕСУРСА
Язык текста, звукозаписи и т.д. русский
102 ## - СТРАНА ПУБЛИКАЦИИ ИЛИ ПРОИЗВОДСТВА
Страна публикации Российская Федерация
105 ## - ПОЛЕ КОДИРОВАННЫХ ДАННЫХ: ТЕКСТОВЫЕ МАТЕРИАЛЫ, МОНОГРАФИЧЕСКИЕ
Кодированные данные о монографическом текстовом документе y |||||||||
200 1# - ЗАГЛАВИЕ И СВЕДЕНИЯ ОБ ОТВЕТСТВЕННОСТИ
Основное заглавие Истребитель ведьм
Сведения, относящиеся к заглавию Польская фантаст.
-- [Перевод
Первые сведения об ответственности Сост. А.Н. Каширин]
210 ## - ПУБЛИКАЦИЯ, РАСПРОСТРАНЕНИЕ И ДР.
Место издания, распространения и т.д. М.
Имя издателя, распространителя и т. д. Мол. гвардия
Дата издания, распространения и т.д. 1990
215 ## - ФИЗИЧЕСКАЯ ХАРАКТЕРИСТИКА
Специфическое обозначение материала и объем 350, [1] с.
Размеры 20
320 ## - ПРИМЕЧАНИЯ О НАЛИЧИИ В ДОКУМЕНТЕ БИБЛИОГРАФИИ / УКАЗАТЕЛЯ
Текст примечания Писатели и критики науч. фантаст. в Польской Респ.: Материалы и библиогр. / Сост. В. Аникеев: с. 317-351
327 1# - ПРИМЕЧАНИЯ О СОДЕРЖАНИИ
Текст примечания Содерж.: R.I.P. / Г. Бабула. Диалог через реку / Э. Внук-Липиньский. Авторский вариант / М. Вольский. Наиважнейший день 111394 года / Э. Дембский. Гонец / А. Джевиньский. Песнь на коронации / Р.А. Земкевич. Письмо из дюны / А. Зимняк. Истребитель ведьм / К. Коханьский. Так бывает каждый день; Колодец / М. Паровский, и произведения др. авт.
464 #0 - АНАЛИТИЧЕСКИЙ УРОВЕНЬ
Встроенное поле 2001#$aR.I.P.
-- 700#1$aБабула$bГ.
Заглавие R.I.P.
Автор Бабула, Г.
464 #0 - АНАЛИТИЧЕСКИЙ УРОВЕНЬ
Встроенное поле 2001#$aДиалог через реку
-- 700#1$aВнук-Липиньский$bЭ.
Заглавие Диалог через реку
Автор Внук-Липиньский, Э.
464 #0 - АНАЛИТИЧЕСКИЙ УРОВЕНЬ
Встроенное поле 2001#$aАвторский вариант
-- 700#1$aВольский$bМ.
Заглавие Авторский вариант
Автор Вольский, М.
464 #0 - АНАЛИТИЧЕСКИЙ УРОВЕНЬ
Встроенное поле 2001#$aНаиважнейший день 111394 года
-- 700#1$aДембский$bЭ.
Заглавие Наиважнейший день 111394 года
Автор Дембский, Э.
464 #0 - АНАЛИТИЧЕСКИЙ УРОВЕНЬ
Встроенное поле 2001#$aГонец
-- 700#1$aДжевиньский$bА.
Заглавие Гонец
Автор Джевиньский, А.
464 #0 - АНАЛИТИЧЕСКИЙ УРОВЕНЬ
Встроенное поле 2001#$aПеснь на коронации
-- 700#1$aЗемкевич$bР.А.
Заглавие Песнь на коронации
Автор Земкевич, Р.А.
464 #0 - АНАЛИТИЧЕСКИЙ УРОВЕНЬ
Встроенное поле 2001#$aПисьмо из дюны
-- 700#1$aЗимняк$bА.
Заглавие Письмо из дюны
Автор Зимняк, А.
464 #0 - АНАЛИТИЧЕСКИЙ УРОВЕНЬ
Встроенное поле 2001#$aИстребитель ведьм
-- 700#1$aКоханьский$bК.
Заглавие Истребитель ведьм
Автор Коханьский, К.
464 #0 - АНАЛИТИЧЕСКИЙ УРОВЕНЬ
Встроенное поле 2001#$aТак бывает каждый день
-- 700#1$aПаровский$bМ.
Заглавие Так бывает каждый день
Автор Паровский, М.
464 #0 - АНАЛИТИЧЕСКИЙ УРОВЕНЬ
Встроенное поле 2001#$aКолодец
-- 700#1$aПаровский$bМ.
Заглавие Колодец
Автор Паровский, М.
702 #1 - ИМЯ ЛИЦА - ВТОРИЧНАЯ ОТВЕТСТВЕННОСТЬ
Начальный элемент ввода Каширин
Часть имени, кроме начального элемента ввода А.Н.
Код отношения Переводчик
801 #0 - ИСТОЧНИК ЗАПИСИ
Страна Российская Федерация
Организация NLR
Правила каталогизации psbo
801 #1 - ИСТОЧНИК ЗАПИСИ
Страна Российская Федерация
Организация ELAR
Источник данных rusmarc
852 ## - МЕСТОНАХОЖДЕНИЕ И ШИФР ХРАНЕНИЯ
Идентификатор организации NLR
Шифр хранения (Call Number) 91-3/1463
942 ## - ДОПОЛНИТЕЛЬНЫЕ ЭЛЕМЕНТЫ ЗАПИСИ (АБИС)
Тип экземпляра АБИС Книга
980 ## - КОЛЛЕКЦИЯ
Название коллекции Национальная библиография
Экземпляры
Тип экземпляра Дата поступления Библиотека постоянного хранения Библиотека текущего хранения Место хранения Шифр хранения Штрих-код Статус экземпляра
Книга 26.10.2013 РНБ (Московский) РНБ (Московский) Русский книжный фонд: издания с 1957 года 91-3/1463 5524399-10